Newnes radio and electronics engineer's pocket book

Bibliographic Details
Main Author: Brindley, Keith
Format: Book
Published: Oxford : Newnes , 1995
Subjects:

MARC

LEADER 00000cam a2200000 7i4500
001 0000009359
002 000010191
005 20000330.0
020 |a 0750623918 
090 0 0 |a 621.3810212   |b BRI 
100 1 |a Brindley, Keith 
245 1 0 |a Newnes radio and electronics engineer's pocket book   |c Keith Brindley 
260 |a Oxford :   |b Newnes ,   |c 1995 
300 |a 341p. ;   |c 19cm. 
650 0 0 |a Electronic equipment   |x Technical data 
999 |a 042952   |b BUKU   |c PINJAMAN   |e PERPUSTAKAAN KOMUNITI PETALING JAYA